Guess The Polish Logo Brands - Statistics

General Stats
  • This quiz has been taken 76 times
  • The average score is 8 of 16
Answer Stats
Picture Answer % Correct
Orlen
91%
PKO
88%
Dino
85%
Santander
79%
Allegro
76%
mBank
73%
PZU
72%
Orange
55%
CD
42%
PGE
40%
PGNiG
34%
Bank Pekao
33%
KGHM
22%
Budimex
16%
KRUK
16%
LPP SA
13%
No matching quizzes found
Score Distribution
Percent of People with Each Score
Percentile by Number Answered
Your Score History
You have not taken this quiz